| 000 | nam a22 7a 4500 | ||
|---|---|---|---|
| 999 |
_c15207 _d15207 |
||
| 008 | 161027b xxu||||| |||| 00| 0 eng d | ||
| 020 | _a9780321908773 | ||
| 050 | _aQC 23.2 .K55 2015 | ||
| 100 | _aKnight, Randall D. | ||
| 245 |
_aCollege Physics: _bA Strategic Approach/ _cRandall D. Knight, Brian Jones and Stuart Field. |
||
| 250 | _a3rd ed | ||
| 260 |
_aBoston: _bPearson, _c2015. |
||
| 300 |
_axxiv,660p.: _bill.(Chiefly col.) ; _c28cm. |
||
| 440 | _vvol. 1 | ||
| 650 | _aPhysics. | ||
| 700 | _aJones, Brian | ||
| 700 | _aField, Stuart. | ||
| 942 |
_2lcc _cBOOKS _hQC 23.2 .K55 2015 _02 |
||